000 01087 a2200217 4500
005 20080922102646.0
008 080922t xxu||||| |||| 00| 0 hin d
010 _aHIN-81277
020 _c150.00
_a8189672061
035 _aHN-53623
037 _bD.B.Act / pub
082 _a821.08
100 _aझा, सीताराम 'श्याम'
245 _aभारतीय काव्य शास्त्र
_cसीताराम झा 'श्याम'
246 _aBharteeya Kavya Shastra
_bby Seetaram Chha' Shyam'
260 _aदिल्ली
_bसूर्य भारती प्रकाशन
_c2007
270 _a1449/16, दुर्गापुरी, शाहदरा
_bदिल्ली
_e110093
300 _a128पृ
_c22सेमी (सजिल्द)
942 _adpl
_cHN
_k821.08 / झासीता
_2ddc
_h821.08
_mझासीता
999 _c8053
_d8053